[Event "Goiania Regional-ch U2000"]
[Site "Goiania"]
[Date "2018.12.07"]
[Round "5"]
[White "De Moura, Valderi Nascimento"]
[Black "De Araujo, Mauro Rogerio Peixo"]
[Result "1-0"]
[WhiteElo "1724"]
[BlackElo "1668"]
[PlyCount "157"]
[EventDate "2018.12.01"]
[EventType "tourn"]
[EventRounds "9"]
[EventCountry "BRA"]
[SourceTitle "CBM 190 Extra"]
[Source "ChessBase"]
[SourceDate "2019.07.15"]
[SourceVersion "1"]
[SourceVersionDate "2019.07.15"]
[SourceQuality "1"]

1. e4 c5 2. c3 a6 3. d4 cxd4 4. cxd4 d6 5. Nf3 Nf6 6. Bd3 g6 7. Bg5 Bg7 8. Qd2 Nbd7 9. Nc3 0-0 10. h4 Ng4 11. h5 Nb6 12. hxg6 fxg6 13. 0-0-0 Be6 14. Kb1 Rc8 15. Bh6 Nxh6 16. Rxh6 Bg4 17. Rh4 Bxf3 18. gxf3 e5 19. Rdh1 Rxf3 20. Rxh7 Qf6 21. R7h2 exd4 22. Nd5 Nxd5 23. exd5 Rf8 24. Qe2 b5 25. Rg2 Rxf2 26. Rxf2 Qxf2 27. Qe6+ Qf7 28. Bxg6 Qxe6 29. dxe6 Bf6 30. Bf7+ Kg7 31. Rg1+ Kh7 32. Kc2 Be7 33. Kd3 Rc8 34. Rg2 Rc5 35. Be8 Rg5 36. Rf2 Kh6 37. Kxd4 Re5 38. Bd7 Kg5 39. b3 Bf6 40. Rg2+ Kh4 41. Kd3 Rg5 42. Rh2+ Kg3 43. Rh6 Rd5+ 44. Kc2 Bd8 45. b4 Rd4 46. a3 Rh4 47. Rg6+ Kf4 48. Rg8 Rh2+ 49. Kd3 Rh3+ 50. Kd4 Bf6+ 51. Kd5 Rd3+ 52. Kc6 Ke5 53. Rf8 Rxa3 54. Rf7 Rc3+ 55. Kb6 Rc4 56. e7 Bxe7 57. Rxe7+ Kf4 58. Kxa6 Rxb4 59. Bxb5 d5 60. Kb6 Rb2 61. Kc5 Rd2 62. Bc6 d4 63. Bb5 Kg5 64. Rf7 Kg6 65. Rf1 Kg5 66. Kd5 Kg6 67. Ke4 Kg7 68. Bd3 Rb2 69. Kxd4 Rb6 70. Ke5 Rc6 71. Be4 Rb6 72. Rg1+ Kh8 73. Bd5 Rh6 74. Be6 Rh2 75. Kf6 Rh6+ 76. Ke7 Rh7+ 77. Kf8 Rh5 78. Ba2 Rf5+ 79. Bf7 1-0

[Event "Goiania Regional-ch U2000"]
[Site "Goiania"]
[Date "2018.12.01"]
[Round "1"]
[White "De Araujo, Mauro Rogerio Peixo"]
[Black "Di Simoni, Rafaela Moura"]
[Result "1/2-1/2"]
[WhiteElo "1668"]
[BlackElo "1495"]
[PlyCount "29"]
[EventDate "2018.12.01"]
[EventType "tourn"]
[EventRounds "9"]
[EventCountry "BRA"]
[SourceTitle "CBM 190 Extra"]
[Source "ChessBase"]
[SourceDate "2019.07.15"]
[SourceVersion "1"]
[SourceVersionDate "2019.07.15"]
[SourceQuality "1"]

1. c4 Nf6 2. Nc3 g6 3. d4 Bg7 4. e4 d6 5. f3 0-0 6. Be3 e5 7. Nge2 Nc6 8. Qd2 Nd7 9. 0-0-0 Nb6 10. b3 a5 11. Nd5 Nxd5 12. exd5 Nxd4 13. Nxd4 exd4 14. Bxd4 Bxd4 15. Qxd4 1/2-1/2

[Event "Goiania Goias op"]
[Site "Goiania"]
[Date "2018.10.19"]
[Round "2"]
[White "De Araujo, Mauro Rogerio Peixo"]
[Black "Couto, Januario Pereira Do"]
[Result "1-0"]
[WhiteElo "1686"]
[BlackElo "1521"]
[PlyCount "47"]
[EventDate "2018.10.19"]
[EventType "swiss"]
[EventRounds "6"]
[EventCountry "BRA"]
[SourceTitle "CBM 187 Extra"]
[Source "ChessBase"]
[SourceDate "2018.11.04"]
[SourceVersion "1"]
[SourceVersionDate "2018.11.04"]
[SourceQuality "1"]

1. c4 f5 2. Nc3 Nf6 3. Nf3 g6 4. g3 Bg7 5. Bg2 0-0 6. 0-0 d6 7. d3 e5 8. Qc2 Qe8 9. e4 fxe4 10. dxe4 a6 11. Nd5 Nxd5 12. cxd5 Qe7 13. Bg5 Qd7 14. Rac1 h6 15. Be3 c6 16. Qd2 Kh7 17. Rfd1 c5 18. b4 b6 19. bxc5 bxc5 20. Rb1 Qc7 21. Rdc1 Nd7 22. Qc2 Bb7 23. Nd2 Nb6 24. Qb3 1-0

[Event "Goiania FEXEG Cup"]
[Site "Goiania"]
[Date "2018.05.19"]
[Round "3"]
[White "Rosa, Paulo Estevao"]
[Black "De Araujo, Mauro Rogerio Peixo"]
[Result "1-0"]
[WhiteElo "1881"]
[BlackElo "1695"]
[PlyCount "117"]
[EventDate "2018.05.18"]
[EventType "swiss"]
[EventRounds "6"]
[EventCountry "BRA"]
[SourceTitle "CBM 184 Extra"]
[Source "ChessBase"]
[SourceDate "2018.06.28"]
[SourceVersion "1"]
[SourceVersionDate "2018.06.28"]
[SourceQuality "1"]

1. c4 Nf6 2. g3 g6 3. Bg2 Bg7 4. Nc3 0-0 5. Nf3 c5 6. 0-0 Nc6 7. d3 a6 8. a3 Qc7 9. Rb1 e6 10. e4 d6 11. Bd2 Rd8 12. Ne1 Rb8 13. b4 Nd7 14. b5 Nd4 15. a4 b6 16. bxa6 Bxa6 17. Nb5 Nxb5 18. axb5 Bb7 19. Nf3 Ra8 20. Qc1 Ra7 21. Bh6 Bh8 22. Ng5 Nf8 23. Bh3 Rda8 24. Bxf8 Rxf8 25. Qf4 Bg7 26. Qh4 h6 27. Nf3 Rfa8 28. Qf4 Ra3 29. Rbd1 Qe7 30. Ne1 Ra2 31. Rd2 Ra1 32. Nc2 Rxf1+ 33. Bxf1 Ra2 34. Ne1 Rxd2 35. Qxd2 d5 36. exd5 exd5 37. Nc2 dxc4 38. dxc4 Qe4 39. f3 Qxf3 40. Bg2 Qxg2+ 41. Qxg2 Bxg2 42. Kxg2 Kf8 43. Ne3 Bc3 44. Kf3 Ke8 45. Nd5 Ba5 46. g4 Kd7 47. Ke4 Ke6 48. Nc7+ Kd6 49. Nd5 Ke6 50. h4 f6 51. Nf4+ Kf7 52. h5 gxh5 53. gxh5 Ke7 54. Kf5 Kd6 55. Nd5 Kd7 56. Kxf6 Kd6 57. Kf5 Kd7 58. Ke5 Kd8 59. Kd6 1-0

[Event "Goiania STD op"]
[Site "Goiania"]
[Date "2018.03.10"]
[Round "4"]
[White "Santos, Luciano da Silva"]
[Black "De Araujo, Mauro Rogerio Peixo"]
[Result "1/2-1/2"]
[WhiteElo "1928"]
[BlackElo "1694"]
[PlyCount "90"]
[EventDate "2018.03.09"]
[EventType "swiss"]
[EventRounds "6"]
[EventCountry "BRA"]
[SourceTitle "CBM 183 Extra"]
[Source "ChessBase"]
[SourceDate "2018.04.19"]
[SourceVersion "1"]
[SourceVersionDate "2018.04.19"]
[SourceQuality "1"]

1. e4 c5 2. Nf3 d6 3. c4 Nf6 4. Nc3 g6 5. d4 cxd4 6. Nxd4 Bg7 7. Be2 0-0 8. 0-0 a6 9. Be3 Qc7 10. Rc1 e6 11. Qd2 Rd8 12. Rfd1 Nbd7 13. f3 b6 14. Nc2 Nc5 15. b4 Nb7 16. Bg5 Bd7 17. Nd4 Be8 18. Kh1 Rdc8 19. Be3 Rd8 20. Bg5 Rdc8 21. Bf1 Nd7 22. f4 h6 23. Bh4 Nb8 24. Bf2 Nc6 25. Nc2 Nb8 26. Bd4 Bxd4 27. Nxd4 Nc6 28. a3 Nxd4 29. Qxd4 a5 30. b5 Rd8 31. Na4 Nc5 32. Nxc5 Qxc5 33. Qxc5 dxc5 34. e5 Kf8 35. Kg1 Ke7 36. Kf2 Rxd1 37. Rxd1 Rd8 38. Rxd8 Kxd8 39. Ke3 Ke7 40. g4 f6 41. exf6+ Kxf6 42. h4 e5 43. g5+ hxg5 44. hxg5+ Ke6 45. Bg2 Kd6 1/2-1/2

[Event "Goiania-ch U2200"]
[Site "Goiania"]
[Date "2017.12.02"]
[Round "6.5"]
[White "Bocca, Edson Ricardo"]
[Black "De Araujo, Mauro Rogerio Peixo"]
[Result "0-1"]
[WhiteElo "1664"]
[BlackElo "1725"]
[PlyCount "86"]
[EventDate "2017.11.25"]
[EventType "tourn"]
[EventRounds "9"]
[EventCountry "BRA"]
[SourceTitle "EXT 2022"]
[Source "ChessBase"]
[SourceDate "2021.10.06"]
[SourceVersion "1"]
[SourceVersionDate "2021.10.06"]
[SourceQuality "1"]

1. e4 c5 2. Nf3 d6 3. Nc3 a6 4. h3 Nc6 5. a3 Nf6 6. d3 e6 7. Be2 Be7 8. 0-0 0-0 9. Re1 Qc7 10. Bf4 b5 11. Qc1 Bb7 12. Bh2 Nd7 13. Nd1 Rfc8 14. Ne3 Nd4 15. Bd1 Bf8 16. c3 Nc6 17. Kh1 g6 18. Bc2 Bg7 19. Qd2 Rd8 20. Rab1 a5 21. Nf1 Nde5 22. Nxe5 Nxe5 23. f4 Nc6 24. Qe2 Qd7 25. h4 b4 26. Qd2 d5 27. e5 Rab8 28. Ba4 Ba6 29. g4 Bh6 30. g5 Bf8 31. Ne3 Qb7 32. Bxc6 Qxc6 33. d4 Qa4 34. axb4 cxd4 35. Qxd4 axb4 36. Ra1 Qb5 37. Ng4 Bc5 38. Nf6+ Kg7 39. Qd2 d4 40. Qc1 dxc3 41. bxc3 Bb7+ 42. Ne4 Qf1+ 43. Bg1 Qh3+ 0-1

[Event "Goiania FEXEG Cup"]
[Site "Goiania"]
[Date "2017.10.28"]
[Round "3"]
[White "De Araujo, Mauro Rogerio Peixo"]
[Black "Franca, Jairo"]
[Result "1-0"]
[WhiteElo "1727"]
[BlackElo "1617"]
[PlyCount "77"]
[EventDate "2017.10.27"]
[EventType "swiss"]
[EventRounds "6"]
[EventCountry "BRA"]
[SourceTitle "CBM 181 Extra"]
[Source "ChessBase"]
[SourceDate "2017.12.12"]
[SourceVersion "1"]
[SourceVersionDate "2017.12.12"]
[SourceQuality "1"]

1. c4 e5 2. Nc3 Nc6 3. Nf3 Nf6 4. d3 Bb4 5. Nd2 Bxc3 6. bxc3 0-0 7. e3 d5 8. cxd5 Nxd5 9. Bb2 Be6 10. g3 f5 11. Qc2 f4 12. e4 Nde7 13. gxf4 Rxf4 14. f3 Ng6 15. 0-0-0 Nh4 16. Be2 Ng2 17. Rdg1 Ne3 18. Qa4 a6 19. d4 exd4 20. cxd4 b5 21. Qa3 Nc4 22. Nxc4 Bxc4 23. Bxc4+ bxc4 24. d5 Rf7 25. dxc6 g6 26. Qc3 Kf8 27. Qh8+ Ke7 28. Qe5+ Kf8 29. Rd1 Qe8 30. Ba3+ Kg8 31. Qxe8+ Rxe8 32. Rd7 Rxf3 33. Bc5 Rxe4 34. Rxc7 c3 35. Rd1 Re8 36. Re7 Rxe7 37. Bxe7 Kf7 38. c7 Kxe7 39. c8Q 1-0

[Event "Goiania FEXEG Cup"]
[Site "Goiania"]
[Date "2017.10.28"]
[Round "4"]
[White "De Araujo, Mauro Rogerio Peixo"]
[Black "Raggiotto, Mauro Cezar"]
[Result "1-0"]
[WhiteElo "1727"]
[BlackElo "1465"]
[PlyCount "73"]
[EventDate "2017.10.27"]
[EventType "swiss"]
[EventRounds "6"]
[EventCountry "BRA"]
[SourceTitle "CBM 181 Extra"]
[Source "ChessBase"]
[SourceDate "2017.12.12"]
[SourceVersion "1"]
[SourceVersionDate "2017.12.12"]
[SourceQuality "1"]

1. c4 e5 2. Nc3 Nf6 3. d3 d6 4. Nf3 Be7 5. g3 0-0 6. Bg2 h6 7. 0-0 Nbd7 8. a3 a5 9. Qc2 c6 10. b3 Nc5 11. Bb2 Rb8 12. b4 axb4 13. axb4 Ne6 14. b5 c5 15. e3 b6 16. Ra2 Bb7 17. Rfa1 Nd7 18. Qe2 Ng5 19. Ra7 f5 20. Nxg5 Bxg5 21. Bxb7 Qe8 22. Bc6 Rd8 23. Nd5 Qe6 24. Nc7 Qg6 25. Bd5+ Kh8 26. Ne6 Nf6 27. Nxf8 Rxf8 28. Ra8 Rxa8 29. Rxa8+ Kh7 30. Bg2 Ng4 31. h3 Nf6 32. f4 exf4 33. exf4 Nh5 34. fxg5 Nxg3 35. Qe3 f4 36. Qe4 hxg5 37. Rh8+ 1-0

[Event "Goiania zt"]
[Site "Goiania"]
[Date "2017.08.20"]
[Round "5"]
[White "De Araujo, Mauro Rogerio Peixo"]
[Black "Okada, William Kenji"]
[Result "1-0"]
[WhiteElo "1713"]
[BlackElo "1819"]
[PlyCount "77"]
[EventDate "2017.08.18"]
[EventType "swiss"]
[EventRounds "6"]
[EventCountry "BRA"]
[SourceTitle "CBM 180 Extra"]
[Source "ChessBase"]
[SourceDate "2017.10.06"]
[SourceVersion "1"]
[SourceVersionDate "2017.10.06"]
[SourceQuality "1"]

1. c4 Nf6 2. Nc3 g6 3. e4 d6 4. Nf3 Bg7 5. h3 0-0 6. d4 e5 7. Be3 Nc6 8. Qd2 Re8 9. dxe5 dxe5 10. 0-0-0 Be6 11. Qc2 Qe7 12. a3 Rad8 13. Be2 Na5 14. Nd5 Bxd5 15. cxd5 b6 16. Kb1 Rf8 17. Ba6 Rb8 18. Nd2 Nb7 19. Bxb7 Rxb7 20. f3 Rc8 21. Qc6 Rbb8 22. g4 Ne8 23. h4 h6 24. Rc1 Nd6 25. Nc4 Qf6 26. Nxd6 cxd6 27. Qxc8+ Rxc8 28. Rxc8+ Kh7 29. Rf1 Qxh4 30. Rcc1 Qh3 31. Bd2 a5 32. Be3 f5 33. gxf5 gxf5 34. Bxb6 fxe4 35. fxe4 Qd3+ 36. Ka1 Qxe4 37. Rcd1 Qc2 38. Rc1 Qb3 39. Bxa5 1-0

[Event "Goiania zt"]
[Site "Goiania"]
[Date "2017.08.18"]
[Round "2"]
[White "Aguiar, Luisa Oliveira"]
[Black "De Araujo, Mauro Rogerio Peixo"]
[Result "0-1"]
[WhiteElo "1404"]
[BlackElo "1713"]
[PlyCount "68"]
[EventDate "2017.08.18"]
[EventType "swiss"]
[EventRounds "6"]
[EventCountry "BRA"]
[SourceTitle "CBM 180 Extra"]
[Source "ChessBase"]
[SourceDate "2017.10.06"]
[SourceVersion "1"]
[SourceVersionDate "2017.10.06"]
[SourceQuality "1"]

1. d4 Nf6 2. Nf3 g6 3. e3 Bg7 4. Bd3 0-0 5. c3 d6 6. Nbd2 Nc6 7. 0-0 e5 8. Re1 Re8 9. e4 exd4 10. cxd4 Bg4 11. h3 Bxf3 12. Nxf3 a6 13. Be3 h6 14. Qd2 Kh7 15. Qc3 Qd7 16. Bf4 Ne7 17. e5 Nfd5 18. Qd2 Nxf4 19. Qxf4 Nd5 20. Qh2 Re6 21. Re4 Rae8 22. Rae1 Nb4 23. Bc4 R6e7 24. a3 d5 25. R4e3 Nc2 26. Bb3 Nxe1 27. Rxe1 b6 28. Bc2 c5 29. dxc5 bxc5 30. Qg3 Qc7 31. h4 h5 32. Qg5 Bxe5 33. Qxh5+ Kg7 34. g3 gxh5 0-1

[Event "Goiania op"]
[Site "Goiania"]
[Date "2017.05.28"]
[Round "6"]
[White "Felix, Luiza de Oliveira"]
[Black "De Araujo, Mauro Rogerio Peixo"]
[Result "1-0"]
[WhiteElo "1582"]
[BlackElo "1725"]
[PlyCount "69"]
[EventDate "2017.05.26"]
[EventType "swiss"]
[EventRounds "6"]
[EventCountry "BRA"]
[SourceTitle "CBM 178 Extra"]
[Source "ChessBase"]
[SourceDate "2017.06.22"]
[SourceVersion "1"]
[SourceVersionDate "2017.06.22"]
[SourceQuality "1"]

1. Nf3 Nf6 2. g3 g6 3. Bg2 c5 4. c4 Bg7 5. d3 d5 6. cxd5 Nxd5 7. Nbd2 0-0 8. 0-0 Qc7 9. Nc4 Nc6 10. a3 Nb6 11. Ncd2 e5 12. Qc2 Nd7 13. Rb1 Rb8 14. Ne4 b6 15. b3 Ba6 16. b4 Nd4 17. Nxd4 exd4 18. Bf4 Be5 19. Bxe5 Qxe5 20. Qa4 Bc8 21. Qxa7 f5 22. bxc5 fxe4 23. c6 Nc5 24. Rb5 Bf5 25. c7 Rbc8 26. Qxb6 Rxc7 27. Rc1 Rfc8 28. dxe4 Bd7 29. Ra5 Na4 30. Qb3+ Be6 31. Rxc7 Rxc7 32. Qb8+ Kg7 33. Rxe5 Rc1+ 34. Bf1 Nc3 35. Rxe6 1-0

[Event "Goiania STD-ch sf"]
[Site "Goiania"]
[Date "2016.11.13"]
[Round "4"]
[White "Campos, Otavio Moraes"]
[Black "De Araujo, Mauro Rogerio Peixo"]
[Result "1-0"]
[WhiteElo "1713"]
[BlackElo "1744"]
[PlyCount "71"]
[EventDate "2016.11.12"]
[EventType "swiss"]
[EventRounds "7"]
[EventCountry "BRA"]
[SourceTitle "CBM 175 Extra"]
[Source "ChessBase"]
[SourceDate "2016.12.12"]
[SourceVersion "1"]
[SourceVersionDate "2016.12.12"]
[SourceQuality "1"]

1. d4 Nf6 2. Nf3 d6 3. c4 g6 4. Nc3 Bg7 5. e4 0-0 6. Be2 Nc6 7. d5 Nb8 8. h3 e5 9. Be3 a6 10. 0-0 h6 11. Qd2 Kh7 12. b4 Nxe4 13. Nxe4 f5 14. Neg5+ hxg5 15. Bxg5 Bf6 16. Bxf6 Qxf6 17. Rac1 Nd7 18. Ng5+ Kg8 19. Ne6 Rf7 20. Nxc7 Rb8 21. Ne6 Nf8 22. Ng5 Rc7 23. c5 Bd7 24. h4 Rbc8 25. Bc4 Kg7 26. Rfd1 Ba4 27. Re1 Bd7 28. Bb3 Nh7 29. Ne6+ Bxe6 30. dxe6 dxc5 31. Rxc5 Qxh4 32. Rxc7+ Rxc7 33. Rxe5 Nf6 34. Re3 Qf4 35. e7 Rd7 36. Qxd7 1-0

[Event "Goiania STD-ch sf"]
[Site "Goiania"]
[Date "2016.11.13"]
[Round "3"]
[White "De Araujo, Mauro Rogerio Peixo"]
[Black "Garcia, Gabriel Gonzaga"]
[Result "0-1"]
[WhiteElo "1744"]
[BlackElo "2169"]
[PlyCount "84"]
[EventDate "2016.11.12"]
[EventType "swiss"]
[EventRounds "7"]
[EventCountry "BRA"]
[SourceTitle "CBM 175 Extra"]
[Source "ChessBase"]
[SourceDate "2016.12.12"]
[SourceVersion "1"]
[SourceVersionDate "2016.12.12"]
[SourceQuality "1"]

1. c4 Nf6 2. Nc3 b6 3. Nf3 Bb7 4. g3 e6 5. Bg2 c5 6. d3 d5 7. 0-0 d4 8. Nb5 a6 9. Na3 Bd6 10. e4 dxe3 11. fxe3 e5 12. e4 Nc6 13. Nb1 Nd4 14. Nc3 h6 15. Nxd4 exd4 16. Nd5 Be5 17. Bf4 Bxf4 18. Nxf6+ Qxf6 19. Rxf4 Qe7 20. Qa4+ Kd8 21. Raf1 f6 22. Qb3 Kc7 23. a3 Rhe8 24. Qc2 a5 25. b3 Qd6 26. a4 Re5 27. Qd1 Rf8 28. Bh3 g6 29. Qd2 Qc6 30. Bg2 g5 31. Rf5 Rxf5 32. Rxf5 Bc8 33. Rf1 Qd6 34. Qe2 Kd8 35. Qh5 f5 36. Bh3 fxe4 37. Rxf8+ Qxf8 38. dxe4 Bxh3 39. Qxh3 Ke7 40. Qf5 Qxf5 41. exf5 g4 42. h3 h5 0-1

[Event "Goiania Clube de Goias U2200 2nd"]
[Site "Goiania"]
[Date "2016.07.30"]
[Round "3.5"]
[White "Bocca, Edson Ricardo"]
[Black "De Araujo, Mauro Rogerio Peixo"]
[Result "1/2-1/2"]
[WhiteElo "1613"]
[BlackElo "1757"]
[PlyCount "49"]
[EventDate "2016.07.30"]
[EventType "swiss"]
[EventRounds "5"]
[EventCountry "BRA"]
[SourceTitle "EXT 2022"]
[Source "ChessBase"]
[SourceDate "2021.10.06"]
[SourceVersion "1"]
[SourceVersionDate "2021.10.06"]
[SourceQuality "1"]

1. e4 c5 2. Nf3 d6 3. Nc3 Nc6 4. Bc4 Nf6 5. h3 g6 6. 0-0 Bg7 7. d3 0-0 8. Bd2 a6 9. a4 Na5 10. Ba2 Bd7 11. b3 b5 12. axb5 axb5 13. Qc1 b4 14. Ne2 Re8 15. c3 Nc6 16. Qc2 Qb6 17. Rfb1 Ra6 18. Rb2 Rea8 19. d4 bxc3 20. Bxc3 Nb4 21. Bxb4 cxb4 22. e5 Bf5 23. Qd2 Ne8 24. g4 Bd7 25. Rc1 1/2-1/2

[Event "Goiania Clube de Goias U2200 2nd"]
[Site "Goiania"]
[Date "2016.07.30"]
[Round "2.3"]
[White "De Araujo, Mauro Rogerio Peixo"]
[Black "Da Silva Filho, Jair Humberto"]
[Result "0-1"]
[WhiteElo "1757"]
[BlackElo "1953"]
[PlyCount "58"]
[EventDate "2016.07.30"]
[EventType "swiss"]
[EventRounds "5"]
[EventCountry "BRA"]
[SourceTitle "EXT 2022"]
[Source "ChessBase"]
[SourceDate "2021.10.06"]
[SourceVersion "1"]
[SourceVersionDate "2021.10.06"]
[SourceQuality "1"]

1. d4 Nf6 2. c4 g6 3. Nc3 Bg7 4. e4 d6 5. f3 0-0 6. Be3 Nbd7 7. Qd2 c5 8. Nge2 a6 9. 0-0-0 Qa5 10. Kb1 b5 11. Nd5 Qd8 12. Nxf6+ Bxf6 13. dxc5 dxc5 14. Bxc5 bxc4 15. Nc3 Rb8 16. Bd4 e5 17. Bc5 Nxc5 18. Qxd8 Rxd8 19. Bxc4 Be6 20. Nd5 Bxd5 21. Bxd5 Bg5 22. h4 Be3 23. h5 Bd4 24. Rd2 Na4 25. Bb3 Nc5 26. hxg6 hxg6 27. Bd5 Kg7 28. g4 Rh8 29. Rdh2 Rxb2+ 0-1

[Event "Goiania Gomes Memorial"]
[Site "Goiania"]
[Date "2015.12.05"]
[Round "7"]
[White "De Araujo, Mauro Rogerio Peixo"]
[Black "De Paula, Guilherme Bueno"]
[Result "0-1"]
[WhiteElo "1769"]
[BlackElo "1906"]
[PlyCount "48"]
[EventDate "2015.11.28"]
[EventType "tourn"]
[EventRounds "9"]
[EventCountry "BRA"]
[SourceTitle "CBM 170 Extra"]
[Source "ChessBase"]
[SourceDate "2016.02.25"]
[SourceVersion "1"]
[SourceVersionDate "2016.02.25"]
[SourceQuality "1"]

1. d4 f5 2. Nf3 g6 3. e3 Nf6 4. Nc3 Bg7 5. Bc4 d6 6. Ng5 d5 7. Bb3 h6 8. Nf3 Be6 9. Ne5 g5 10. Ng6 Rg8 11. Ne5 Nbd7 12. Nxd7 Qxd7 13. Qe2 c6 14. f3 Bf7 15. Na4 b6 16. Bd2 Qc7 17. 0-0-0 e5 18. dxe5 Qxe5 19. Rde1 Qc7 20. Nc3 Bg6 21. e4 fxe4 22. fxe4 Bxe4 23. Nxd5 cxd5 24. Bxd5 Qxc2# 0-1

[Event "Goiania Goias Cup"]
[Site "Goiania"]
[Date "2015.09.27"]
[Round "5"]
[White "Rabelo, Jose Carlos Vargas"]
[Black "De Araujo, Mauro Rogerio Peixo"]
[Result "0-1"]
[WhiteElo "1639"]
[BlackElo "1781"]
[PlyCount "82"]
[EventDate "2015.09.25"]
[EventType "swiss"]
[EventRounds "6"]
[EventCountry "BRA"]
[SourceTitle "EXT 2016"]
[Source "ChessBase"]
[SourceDate "2015.10.08"]
[SourceVersion "1"]
[SourceVersionDate "2015.10.08"]
[SourceQuality "1"]

1. d4 Nf6 2. Nf3 g6 3. c4 Bg7 4. g3 0-0 5. Bg2 d6 6. 0-0 Nfd7 7. Nc3 Nc6 8. b3 e5 9. dxe5 Ndxe5 10. Bb2 Re8 11. Re1 Nxf3+ 12. Bxf3 Bf5 13. Qd2 Qc8 14. Nd5 Ne5 15. Bg2 c6 16. Ne3 Rd8 17. Rad1 Be6 18. Qb4 Qc7 19. f4 Nf3+ 20. Bxf3 Bxb2 21. Rd2 a5 22. Qa4 Bc3 23. Red1 Bxd2 24. Rxd2 Qb6 25. Kf2 Re8 26. c5 Qxc5 27. Qd4 Qxd4 28. Rxd4 d5 29. Nf1 Ra7 30. Nd2 f5 31. h4 Bf7 32. Nb1 b5 33. Rd3 a4 34. b4 Rc7 35. Nc3 Rd8 36. a3 d4 37. Nd1 c5 38. bxc5 Rxc5 39. g4 Bc4 40. Rd2 Bb3 41. Nb2 Rc2 0-1

[Event "Goiania Goias Cup"]
[Site "Goiania"]
[Date "2015.09.26"]
[Round "4"]
[White "De Araujo, Mauro Rogerio Peixo"]
[Black "Mello, Ugo Francisco Schia"]
[Result "1/2-1/2"]
[WhiteElo "1781"]
[BlackElo "1447"]
[PlyCount "51"]
[EventDate "2015.09.25"]
[EventType "swiss"]
[EventRounds "6"]
[EventCountry "BRA"]
[SourceTitle "EXT 2016"]
[Source "ChessBase"]
[SourceDate "2015.10.08"]
[SourceVersion "1"]
[SourceVersionDate "2015.10.08"]
[SourceQuality "1"]

1. c4 c5 2. Nc3 d6 3. g3 g6 4. Bg2 Bg7 5. Nf3 Nf6 6. 0-0 0-0 7. a3 Nc6 8. e3 Bd7 9. d4 b6 10. d5 Na5 11. Nd2 Rb8 12. a4 Ne8 13. Qc2 Nc7 14. Nb5 a6 15. Nxc7 Qxc7 16. Ra2 b5 17. axb5 axb5 18. b3 bxc4 19. bxc4 Qb6 20. e4 Nb3 21. Nxb3 Qxb3 22. Be3 Qxc2 23. Rxc2 Rb4 24. Bd2 Rb3 25. h3 Rfb8 26. Kh2 1/2-1/2

[Event "Goiania Goias Cup"]
[Site "Goiania"]
[Date "2015.09.26"]
[Round "3"]
[White "De Paula, Guilherme Bueno"]
[Black "De Araujo, Mauro Rogerio Peixo"]
[Result "1-0"]
[WhiteElo "1887"]
[BlackElo "1781"]
[PlyCount "69"]
[EventDate "2015.09.25"]
[EventType "swiss"]
[EventRounds "6"]
[EventCountry "BRA"]
[SourceTitle "EXT 2016"]
[Source "ChessBase"]
[SourceDate "2015.10.08"]
[SourceVersion "1"]
[SourceVersionDate "2015.10.08"]
[SourceQuality "1"]

1. c4 Nf6 2. d4 g6 3. Nc3 Bg7 4. e4 d6 5. Be2 0-0 6. Bg5 Nbd7 7. Qd2 c5 8. d5 a6 9. Nf3 Qa5 10. 0-0 Re8 11. Rfe1 Rb8 12. a4 Ng4 13. Bf1 Nge5 14. Nxe5 Nxe5 15. h3 Qb4 16. Nd1 Qxd2 17. Bxd2 Bxh3 18. f4 Bxg2 19. Kxg2 Nd7 20. Bc3 f6 21. Ne3 Kf7 22. Bd3 Rh8 23. Rh1 Rbg8 24. Kf3 Ke8 25. f5 Ne5+ 26. Bxe5 fxe5 27. fxg6 hxg6 28. Rag1 Kf7 29. Bf1 Bf6 30. Bh3 Kg7 31. Be6 Rxh1 32. Rxh1 Rf8 33. Ke2 a5 34. Rg1 Bh4 35. Nf5+ 1-0

[Event "Brasilia Centro Oeste-ch"]
[Site "Brasilia"]
[Date "2015.05.15"]
[Round "2"]
[White "De Araujo, Mauro Rogerio Peixo"]
[Black "Pereira da Silva, Evernandes"]
[Result "1-0"]
[WhiteElo "1790"]
[BlackElo "1638"]
[PlyCount "133"]
[EventDate "2015.05.15"]
[EventType "swiss"]
[EventRounds "6"]
[EventCountry "BRA"]
[SourceTitle "CBM 166 Extra"]
[Source "ChessBase"]
[SourceDate "2015.06.18"]
[SourceVersion "1"]
[SourceVersionDate "2015.06.18"]
[SourceQuality "1"]

1. d4 d5 2. c4 c6 3. Nc3 Nf6 4. e3 g6 5. Nf3 Bg7 6. Be2 Bg4 7. Nd2 Bxe2 8. Qxe2 e6 9. b3 Nbd7 10. Bb2 a5 11. c5 0-0 12. f4 b5 13. cxb6 Qxb6 14. Rc1 c5 15. Na4 Qa6 16. Qxa6 Rxa6 17. Nxc5 Rc6 18. Ke2 Nxc5 19. dxc5 Rfc8 20. Bd4 Nd7 21. b4 axb4 22. Nb3 Ra8 23. Rc2 Nb6 24. Bxg7 Kxg7 25. Nd4 Rac8 26. Nxc6 Rxc6 27. Rb1 Nc4 28. Rxb4 Rxc5 29. a4 Ra5 30. Rcxc4 dxc4 31. Rxc4 Kf6 32. Rb4 h5 33. g3 Rc5 34. Rb2 Ra5 35. Ra2 e5 36. h3 exf4 37. exf4 Ke6 38. Kd3 Kd5 39. Ra3 f5 40. Kc3 Kc5 41. Kb3 Ra7 42. a5 Kb5 43. a6 Kc6 44. Kc4 Kc7 45. Kb5 Kb8 46. Rc3 Rd7 47. Rc6 Rd5+ 48. Kc4 Ra5 49. Rxg6 Ka7 50. h4 Ra1 51. Kd4 Re1 52. Kd5 Re3 53. Kd4 Re1 54. Kd3 Re7 55. Rg5 Kxa6 56. Rxf5 Kb7 57. Rxh5 Kc7 58. Re5 Rg7 59. Rg5 Re7 60. h5 Kd8 61. h6 Rh7 62. Rg6 Ke8 63. g4 Kf8 64. g5 Rf7 65. Rf6 Rxf6 66. gxf6 Kf7 67. h7 1-0

[Event "Goiania Goias-ch"]
[Site "Goiania"]
[Date "2015.02.28"]
[Round "3"]
[White "De Araujo, Mauro Rogerio Peixo"]
[Black "De Moura, Valderi Nascimento"]
[Result "0-1"]
[WhiteElo "1814"]
[BlackElo "1783"]
[PlyCount "44"]
[EventDate "2015.02.27"]
[EventType "swiss"]
[EventRounds "6"]
[EventCountry "BRA"]
[SourceTitle "CBM 165 Extra"]
[Source "ChessBase"]
[SourceDate "2015.04.21"]
[SourceVersion "1"]
[SourceVersionDate "2015.04.21"]
[SourceQuality "1"]

1. d4 Nf6 2. c4 e6 3. Nc3 Bb4 4. Bg5 0-0 5. a3 Bxc3+ 6. bxc3 d5 7. Bxf6 Qxf6 8. cxd5 exd5 9. e3 c5 10. Nf3 Re8 11. Bb5 Nc6 12. 0-0 c4 13. Ne5 Bf5 14. Qf3 Qe6 15. Qd1 Red8 16. Nxc6 bxc6 17. Ba4 Qg6 18. Kh1 Rab8 19. Qf3 Rb2 20. Qf4 Rdb8 21. Qc7 Rc8 22. Qxa7 Be4 0-1